| 000 | 00397nam a22001697a 4500 | ||
|---|---|---|---|
| 005 | 20180606143053.0 | ||
| 008 | 160621b xxu||||| |||| 00| 0 eng d | ||
| 020 | _a978-0-07-05855-5 | ||
| 041 | _aeng | ||
| 082 |
_b8698 _a657 |
||
| 100 |
_aMukherjee, A, and Hanif M _94338 |
||
| 245 | _aFinancial Accounting | ||
| 260 |
_bTMH _c2008 |
||
| 300 | _a4088 | ||
| 650 |
_aManagement _9241 |
||
| 942 | _cBK | ||
| 999 |
_c3359 _d3358 |
||